000 00358nam a2200145Ia 4500
005 20251222153635.0
008 251222s9999||||xx |||||||||||||| ||spa||
020 _a9789972236617
082 _a965/V33
100 _aVarillas Montenegro, Alberto
245 0 _aPerĂº y Ecuador:
250 _a2da.ed.
264 _bEditorial Universitaria. URP
942 _cLIB
999 _c32532
_d32532